[Event "Titled Tuesday intern op 11th Jul Early"]
[Site "Chess.com INT"]
[Date "2023.07.11"]
[Round "2"]
[White "Al Tarbosh, Ward"]
[Black "Roque Sola, Gisela"]
[Result "0-1"]
[WhiteElo "2254"]
[BlackElo "2069"]
[PlyCount "126"]
[EventDate "2023.07.11"]
[EventType "swiss (blitz)"]
[EventRounds "11"]
[EventCountry "USA"]
[SourceTitle "EXT 2024"]
[Source "ChessBase"]
[SourceDate "2023.10.10"]
[SourceVersion "1"]
[SourceVersionDate "2023.10.10"]
[SourceQuality "1"]

1. e4 e5 2. Nf3 Nc6 3. Bb5 a6 4. Ba4 f5 5. d4 exd4 6. e5 b5 7. Bb3 Bb7 8. 0-0 Na5 9. Bxg8 Rxg8 10. Nxd4 c5 11. Nxf5 Qb6 12. Nd6+ Bxd6 13. exd6 0-0-0 14. Nc3 Nc4 15. Bg5 Rde8 16. Be7 Qc6 17. f3 g5 18. Ne4 Ne3 19. Qd2 Nxf1 20. Rxf1 g4 21. Qa5 gxf3 22. Rxf3 Kb8 23. Qc7+ Qxc7 24. dxc7+ Kxc7 25. Bd6+ Kc8 26. Nf6 Bxf3 27. Nxe8 Rxe8 28. gxf3 Re2 29. Bxc5 Rxc2 30. Bd4 Kb7 31. f4 Kc6 32. f5 Kd5 33. Bc3 b4 34. Bg7 a5 35. h4 h5 36. Kf1 a4 37. a3 bxa3 38. bxa3 Ra2 39. Bf8 Ke5 40. Ke1 Kxf5 41. Kd1 Kg4 42. Be7 d5 43. Kc1 d4 44. Kb1 Rh2 45. Kc1 d3 46. Kd1 Ra2 47. Kc1 Kf3 48. Kd1 Ke4 49. Bd6 Ke3 50. Bc5+ Ke4 51. Bd6 Kd5 52. Be7 Kc4 53. Kc1 Kb3 54. Kd1 Rxa3 55. Kd2 Ra2+ 56. Kxd3 Rh2 57. Ke3 a3 58. Kf3 a2 59. Bf6 Rh1 60. Ke4 a1Q 61. Bxa1 Rxa1 62. Kf4 Rg1 63. Kf5 Rg4 0-1

[Event "Titled Tuesday intern op 11th Jul Early"]
[Site "Chess.com INT"]
[Date "2023.07.11"]
[Round "8"]
[White "Begunov, Konstantin"]
[Black "Roque Sola, Gisela"]
[Result "1-0"]
[WhiteElo "2325"]
[BlackElo "2069"]
[PlyCount "47"]
[EventDate "2023.07.11"]
[EventType "swiss (blitz)"]
[EventRounds "11"]
[EventCountry "USA"]
[SourceTitle "EXT 2024"]
[Source "ChessBase"]
[SourceDate "2023.10.10"]
[SourceVersion "1"]
[SourceVersionDate "2023.10.10"]
[SourceQuality "1"]

1. d4 Nf6 2. c4 g6 3. f3 d5 4. cxd5 Nxd5 5. e4 Nb6 6. Nc3 Bg7 7. Be3 0-0 8. Qd2 Nc6 9. 0-0-0 Na5 10. b3 Bd7 11. h4 Rc8 12. h5 c5 13. dxc5 Qc7 14. hxg6 fxg6 15. Kb1 Rfd8 16. cxb6 Qxc3 17. Qxc3 Rxc3 18. Bd2 Rc5 19. b4 Ba4 20. bxc5 Nc6 21. Bc4+ Kh8 22. Bb3 Bxb3 23. axb3 Nd4 24. Bc3 1-0

[Event "Titled Tuesday intern op 11th Jul Early"]
[Site "Chess.com INT"]
[Date "2023.07.11"]
[Round "5"]
[White "Fantinel, Thibault"]
[Black "Roque Sola, Gisela"]
[Result "1-0"]
[WhiteElo "2418"]
[BlackElo "2069"]
[PlyCount "85"]
[EventDate "2023.07.11"]
[EventType "swiss (blitz)"]
[EventRounds "11"]
[EventCountry "USA"]
[SourceTitle "EXT 2024"]
[Source "ChessBase"]
[SourceDate "2023.10.10"]
[SourceVersion "1"]
[SourceVersionDate "2023.10.10"]
[SourceQuality "1"]

1. d4 Nf6 2. Nf3 g6 3. Nc3 d5 4. Bf4 Bg7 5. Nb5 Na6 6. e3 0-0 7. h3 Bd7 8. c4 dxc4 9. Bxc4 c6 10. Nc3 Nc7 11. 0-0 Qc8 12. Rc1 Rd8 13. Ng5 e6 14. Qe2 h6 15. Nf3 Be8 16. Ne5 Nh5 17. Bh2 Nf6 18. Rfd1 Ncd5 19. e4 Nb6 20. Bb3 Nfd7 21. Nf3 a5 22. a3 a4 23. Ba2 Nf8 24. Nb5 Ra5 25. Nd6 Qa8 26. e5 Nd5 27. h4 Nh7 28. Nd2 b5 29. N2e4 Ra7 30. Rd3 Qb8 31. Qf3 b4 32. Bc4 Nb6 33. axb4 Nxc4 34. Rxc4 Bf8 35. h5 c5 36. dxc5 Bb5 37. hxg6 Bxc4 38. gxh7+ Kxh7 39. Nf6+ Kh8 40. Nxc4 Bg7 41. Nd6 a3 42. bxa3 Qa8 43. Qg4 1-0

[Event "Titled Tuesday intern op 27th Dec Early"]
[Site "Chess.com INT"]
[Date "2022.12.27"]
[Round "1"]
[White "Ezat, Mohamed Mahmoud"]
[Black "Roque Sola, Gisela"]
[Result "1-0"]
[WhiteElo "2395"]
[BlackElo "2061"]
[PlyCount "73"]
[EventDate "2022.12.27"]
[EventType "swiss (blitz)"]
[EventRounds "11"]
[EventCountry "USA"]
[SourceTitle "EXT 2024"]
[Source "ChessBase"]
[SourceDate "2023.10.10"]
[SourceVersion "1"]
[SourceVersionDate "2023.10.10"]
[SourceQuality "1"]

1. d4 Nf6 2. c4 e6 3. Nf3 d5 4. Nc3 Be7 5. cxd5 exd5 6. Bg5 0-0 7. e3 Bf5 8. Bxf6 Bxf6 9. Qb3 Nc6 10. a3 Re8 11. Bb5 Bxd4 12. Bxc6 Bxc3+ 13. Qxc3 bxc6 14. 0-0 Rb8 15. b4 Be4 16. Nd4 Qf6 17. Rac1 Rb6 18. Nxc6 Qg6 19. f3 Bd3 20. Ne5 Rxe5 21. Qxe5 h5 22. Rf2 Bc4 23. e4 c6 24. h3 Kh7 25. g4 h4 26. f4 c5 27. f5 Qg5 28. Qf4 Qxf4 29. Rxf4 cxb4 30. axb4 Bb3 31. exd5 Bxd5 32. Rd4 Bb3 33. g5 f6 34. Rxh4+ Kg8 35. g6 Rb8 36. Rc7 Bd5 37. Rh7 1-0

[Event "Titled Tuesday intern op 27th Dec Early"]
[Site "Chess.com INT"]
[Date "2022.12.27"]
[Round "7"]
[White "Fernandez Garcia, Gumersindo"]
[Black "Roque Sola, Gisela"]
[Result "1-0"]
[WhiteElo "2172"]
[BlackElo "2061"]
[PlyCount "61"]
[EventDate "2022.12.27"]
[EventType "swiss (blitz)"]
[EventRounds "11"]
[EventCountry "USA"]
[SourceTitle "EXT 2024"]
[Source "ChessBase"]
[SourceDate "2023.10.10"]
[SourceVersion "1"]
[SourceVersionDate "2023.10.10"]
[SourceQuality "1"]

1. Nf3 Nf6 2. g3 b6 3. Bg2 Bb7 4. 0-0 e6 5. d4 Be7 6. c4 d6 7. Nc3 Nbd7 8. b3 0-0 9. Bb2 a6 10. Qd3 c5 11. e4 cxd4 12. Nxd4 Qc7 13. h3 Rac8 14. Kh2 Rfd8 15. f4 d5 16. cxd5 exd5 17. e5 Nc5 18. Qe2 Nfe4 19. Rac1 Qb8 20. Nf5 Bf8 21. Qg4 g6 22. Nxe4 Nxe4 23. h4 h5 24. Qe2 Rxc1 25. Rxc1 gxf5 26. Qxh5 Bc8 27. e6 f6 28. Bxe4 dxe4 29. Bxf6 Rd2+ 30. Kh3 Bxe6 31. Qg6+ 1-0

[Event "Titled Tuesday intern op 27th Dec Early"]
[Site "Chess.com INT"]
[Date "2022.12.27"]
[Round "5"]
[White "Manon Og, Ramon Jr"]
[Black "Roque Sola, Gisela"]
[Result "0-1"]
[WhiteElo "2000"]
[BlackElo "2061"]
[PlyCount "50"]
[EventDate "2022.12.27"]
[EventType "swiss (blitz)"]
[EventRounds "11"]
[EventCountry "USA"]
[SourceTitle "EXT 2024"]
[Source "ChessBase"]
[SourceDate "2023.10.10"]
[SourceVersion "1"]
[SourceVersionDate "2023.10.10"]
[SourceQuality "1"]

1. e4 c5 2. Nf3 Nc6 3. d4 cxd4 4. Nxd4 Nf6 5. Nc3 e5 6. Nf3 d6 7. Bc4 Bg4 8. 0-0 Be7 9. h3 Bxf3 10. Qxf3 Nd4 11. Qd3 0-0 12. Be3 Ne6 13. Kh1 Nh5 14. g4 Nhf4 15. Bxf4 Nxf4 16. Qf3 Rc8 17. Be2 Qb6 18. Rab1 Rfd8 19. Rfd1 Bh4 20. Kg1 a6 21. Nd5 Nxd5 22. exd5 Rxc2 23. Bd3 Rxf2 24. Qh1 Rxb2+ 25. Kf1 Qf2# 0-1

[Event "Titled Tuesday intern op 27th Dec Early"]
[Site "Chess.com INT"]
[Date "2022.12.27"]
[Round "9"]
[White "Vifleemskaia, Svetlana"]
[Black "Roque Sola, Gisela"]
[Result "1/2-1/2"]
[WhiteElo "1947"]
[BlackElo "2061"]
[PlyCount "91"]
[EventDate "2022.12.27"]
[EventType "swiss (blitz)"]
[EventRounds "11"]
[EventCountry "USA"]
[SourceTitle "EXT 2024"]
[Source "ChessBase"]
[SourceDate "2023.10.10"]
[SourceVersion "1"]
[SourceVersionDate "2023.10.10"]
[SourceQuality "1"]

1. d4 Nf6 2. c4 e6 3. Nc3 Bb4 4. e3 0-0 5. Nge2 d5 6. a3 Be7 7. cxd5 exd5 8. g3 Re8 9. Bg2 c6 10. 0-0 Nbd7 11. f3 Nf8 12. e4 dxe4 13. fxe4 Bg4 14. e5 Nd5 15. h3 Be6 16. Nf4 Nxf4 17. gxf4 Qd7 18. Kh2 Rad8 19. Be3 Ng6 20. Qh5 Bf5 21. d5 cxd5 22. Nxd5 Be6 23. Rad1 Qb5 24. Nxe7+ Nxe7 25. Rxd8 Rxd8 26. Qh4 Qd7 27. Qf2 b6 28. Bf3 Nf5 29. Rd1 Qe7 30. Rxd8+ Qxd8 31. Be4 g6 32. Qd2 Qh4 33. Bf2 Ng3 34. Bg2 Ne4 35. Bxe4 Qxh3+ 36. Kg1 Qg4+ 37. Bg2 h5 38. Qd8+ Kh7 39. Qd3 h4 40. Kh2 Qxf4+ 41. Kg1 Qg4 42. Qf3 Qg5 43. Qe3 Qg4 44. Qf3 Qg5 45. Qe3 Qg4 46. Qf3 1/2-1/2

[Event "Titled Tuesday intern op 20th Dec Early"]
[Site "Chess.com INT"]
[Date "2022.12.20"]
[Round "1"]
[White "Kalogeris, Ioannis"]
[Black "Roque Sola, Gisela"]
[Result "1-0"]
[WhiteElo "2412"]
[BlackElo "2061"]
[PlyCount "61"]
[EventDate "2022.12.20"]
[EventType "swiss (blitz)"]
[EventRounds "11"]
[EventCountry "USA"]
[SourceTitle "EXT 2024"]
[Source "ChessBase"]
[SourceDate "2023.10.10"]
[SourceVersion "1"]
[SourceVersionDate "2023.10.10"]
[SourceQuality "1"]

1. e4 c5 2. Nf3 Nc6 3. Nc3 g6 4. d4 cxd4 5. Nxd4 Bg7 6. Be3 e6 7. Qd2 Nge7 8. 0-0-0 0-0 9. Ndb5 Qa5 10. Nd6 Nb4 11. a3 Bxc3 12. Qe2 Bg7 13. axb4 Qa1+ 14. Kd2 Qxb2 15. Qc4 Nc6 16. Qb3 Qe5 17. Ke1 b6 18. f4 Qh5 19. Be2 Qh4+ 20. g3 Qe7 21. Kf2 e5 22. c3 exf4 23. gxf4 Qh4+ 24. Kg2 Kh8 25. Nxf7+ Rxf7 26. Qxf7 Bb7 27. Rxd7 Bxc3 28. Rxb7 Nxb4 29. e5 Rg8 30. Rc1 Bb2 31. Rcc7 1-0

[Event "Titled Tuesday intern op 13th Dec Early"]
[Site "Chess.com INT"]
[Date "2022.12.13"]
[Round "3"]
[White "Babazada, Khazar Araz"]
[Black "Roque Sola, Gisela"]
[Result "1-0"]
[WhiteElo "2476"]
[BlackElo "2061"]
[PlyCount "75"]
[EventDate "2022.12.13"]
[EventType "swiss (blitz)"]
[EventRounds "11"]
[EventCountry "USA"]
[SourceTitle "EXT 2024"]
[Source "ChessBase"]
[SourceDate "2023.10.10"]
[SourceVersion "1"]
[SourceVersionDate "2023.10.10"]
[SourceQuality "1"]

1. Nf3 Nf6 2. c4 Nc6 3. d4 d5 4. Nc3 e6 5. Bg5 Be7 6. e3 0-0 7. Bd3 h6 8. h4 dxc4 9. Bxc4 Nd5 10. Bxe7 Ncxe7 11. Ne4 b6 12. a3 Nf5 13. g4 Nd6 14. Nxd6 Qxd6 15. g5 Bb7 16. Bd3 Nxe3 17. fxe3 Qg3+ 18. Kd2 Bxf3 19. Qg1 Qxg1 20. Rhxg1 h5 21. Raf1 Bg4 22. b4 Rfd8 23. Rc1 e5 24. Rxc7 exd4 25. e4 a5 26. b5 Rac8 27. Rgc1 Kf8 28. R7c6 Rxc6 29. bxc6 Ke7 30. Rb1 Kd6 31. Rxb6 Kc7 32. Ra6 Be6 33. Bb5 Rb8 34. a4 g6 35. e5 Bd5 36. Kd3 Rd8 37. Ra7+ Kb8 38. c7+ 1-0

[Event "Titled Tuesday intern op 13th Dec Early"]
[Site "Chess.com INT"]
[Date "2022.12.13"]
[Round "8"]
[White "Lopez Idarraga, Daniel Eduardo"]
[Black "Roque Sola, Gisela"]
[Result "1-0"]
[WhiteElo "2023"]
[BlackElo "2061"]
[PlyCount "81"]
[EventDate "2022.12.13"]
[EventType "swiss (blitz)"]
[EventRounds "11"]
[EventCountry "USA"]
[SourceTitle "EXT 2024"]
[Source "ChessBase"]
[SourceDate "2023.10.10"]
[SourceVersion "1"]
[SourceVersionDate "2023.10.10"]
[SourceQuality "1"]

1. b3 e5 2. Bb2 Nc6 3. e3 d5 4. Bb5 Bd6 5. f4 Qe7 6. Nf3 Bg4 7. fxe5 Bxf3 8. Qxf3 Bxe5 9. Nc3 Nf6 10. 0-0-0 a6 11. Bxc6+ bxc6 12. Rhe1 0-0 13. d4 Bd6 14. e4 dxe4 15. Nxe4 Nxe4 16. Rxe4 Qg5+ 17. Kb1 Rfe8 18. Rg4 Qe3 19. Qxc6 Qe2 20. Qf3 Qxf3 21. gxf3 Bxh2 22. d5 Be5 23. Re4 Bxb2 24. Kxb2 f5 25. Rc4 Ra7 26. d6 cxd6 27. Rxd6 Kf7 28. f4 h6 29. Rcc6 a5 30. Kc3 Re4 31. Rd4 Rxd4 32. Kxd4 a4 33. b4 Rb7 34. a3 h5 35. c4 h4 36. Rc8 Re7 37. Rh8 Re4+ 38. Kd5 Rxf4 39. b5 g6 40. b6 Kg7 41. b7 1-0

[Event "Titled Tuesday intern op 29th Nov Early"]
[Site "Chess.com INT"]
[Date "2022.11.29"]
[Round "5"]
[White "Postnikov, Daniil"]
[Black "Roque Sola, Gisela"]
[Result "1-0"]
[WhiteElo "2360"]
[BlackElo "2061"]
[PlyCount "65"]
[EventDate "2022.11.29"]
[EventType "swiss (blitz)"]
[EventRounds "11"]
[EventCountry "USA"]
[SourceTitle "EXT 2024"]
[Source "ChessBase"]
[SourceDate "2023.10.10"]
[SourceVersion "1"]
[SourceVersionDate "2023.10.10"]
[SourceQuality "1"]

1. e4 c5 2. a3 Nc6 3. b4 b6 4. bxc5 bxc5 5. Nc3 g6 6. Bb2 Bg7 7. Rb1 Nf6 8. Bc4 0-0 9. Nf3 d6 10. h3 Rb8 11. Ba1 Bb7 12. 0-0 Nd4 13. Re1 Nd7 14. Nxd4 Bxd4 15. Nd5 Bxa1 16. Rxa1 Ne5 17. Ba2 e6 18. Nc3 Qg5 19. Rf1 Ba6 20. d3 Rb2 21. f4 Qg3 22. fxe5 Qe3+ 23. Rf2 Qd4 24. Qd2 c4 25. Nd1 cxd3 26. Nxb2 Qxb2 27. Qc1 Qd4 28. cxd3 Rc8 29. Qb2 Qxd3 30. Rc1 Rxc1+ 31. Qxc1 dxe5 32. Qc6 Qxa3 33. Qe8+ 1-0

[Event "Titled Tuesday intern op 29th Nov Early"]
[Site "Chess.com INT"]
[Date "2022.11.29"]
[Round "2"]
[White "Roque Sola, Gisela"]
[Black "Xie, Bryan"]
[Result "1-0"]
[WhiteElo "2061"]
[BlackElo "2133"]
[PlyCount "53"]
[EventDate "2022.11.29"]
[EventType "swiss (blitz)"]
[EventRounds "11"]
[EventCountry "USA"]
[SourceTitle "EXT 2024"]
[Source "ChessBase"]
[SourceDate "2023.10.10"]
[SourceVersion "1"]
[SourceVersionDate "2023.10.10"]
[SourceQuality "1"]

1. e4 c5 2. Nf3 e6 3. d4 cxd4 4. Nxd4 Nc6 5. Nc3 Qc7 6. a3 a6 7. Be3 Nf6 8. Be2 Be7 9. 0-0 0-0 10. f4 d6 11. Kh1 Nxd4 12. Qxd4 b5 13. Rad1 Bb7 14. Bf3 Rac8 15. Rd2 Bc6 16. Qd3 Qb7 17. Bd4 Rfd8 18. Qe3 e5 19. fxe5 dxe5 20. Bxe5 Rxd2 21. Qxd2 Nxe4 22. Nxe4 Bxe4 23. Bxe4 Qxe4 24. Qd7 Rxc2 25. Qe8+ Bf8 26. Qxf7+ Kh8 27. Qxf8# 1-0

[Event "Titled Tuesday intern op 22nd Nov Early"]
[Site "Chess.com INT"]
[Date "2022.11.22"]
[Round "4"]
[White "Orzech, Dominik"]
[Black "Roque Sola, Gisela"]
[Result "1-0"]
[WhiteElo "2313"]
[BlackElo "2061"]
[PlyCount "129"]
[EventDate "2022.11.22"]
[EventType "swiss (blitz)"]
[EventRounds "11"]
[EventCountry "USA"]
[SourceTitle "CBM 211 Extra"]
[Source "ChessBase"]
[SourceDate "2023.01.31"]
[SourceVersion "1"]
[SourceVersionDate "2023.01.31"]
[SourceQuality "1"]

1. g3 Nf6 2. Bg2 d5 3. c4 dxc4 4. Nf3 g6 5. Na3 Bg7 6. Nxc4 0-0 7. 0-0 c6 8. d4 Be6 9. Nfe5 Bd5 10. f3 Nbd7 11. e4 Bxc4 12. Nxc4 Nb6 13. Ne3 Qd7 14. b3 Rad8 15. Bb2 Ne8 16. Nc2 c5 17. e5 cxd4 18. Bxd4 Nc7 19. Qe2 Ne6 20. Bf2 Qd2 21. Rfe1 Qxe2 22. Rxe2 Nd5 23. f4 Nc3 24. Re3 Nd5 25. Rd3 Ndxf4 26. Rxd8 Rxd8 27. gxf4 Nxf4 28. Ne3 Bxe5 29. Rd1 Rxd1+ 30. Nxd1 Nxg2 31. Kxg2 b6 32. h3 f5 33. Kf3 Bd6 34. Ne3 e5 35. Nc4 Bc7 36. a4 Kf7 37. b4 Ke6 38. b5 e4+ 39. Ke3 Kd5 40. Nd2 f4+ 41. Ke2 e3 42. Bxe3 fxe3 43. Kxe3 Bd8 44. Kd3 Bg5 45. Ne4 Be7 46. Nc3+ Kc5 47. Ke4 Kb4 48. Nd5+ Kxa4 49. Nxe7 Kxb5 50. h4 a5 51. Nd5 a4 52. Kd3 Kc5 53. Nf6 h6 54. Ng4 g5 55. h5 b5 56. Nxh6 b4 57. Nf5 a3 58. Kc2 Kc4 59. Nd6+ Kd5 60. h6 a2 61. Kb2 g4 62. h7 g3 63. h8Q g2 64. Qg8+ Kxd6 65. Qxg2 1-0

[Event "Titled Tuesday intern op 22nd Nov Early"]
[Site "Chess.com INT"]
[Date "2022.11.22"]
[Round "9"]
[White "Palacio, Igor Da Paz"]
[Black "Roque Sola, Gisela"]
[Result "1-0"]
[WhiteElo "2172"]
[BlackElo "2061"]
[PlyCount "67"]
[EventDate "2022.11.22"]
[EventType "swiss (blitz)"]
[EventRounds "11"]
[EventCountry "USA"]
[SourceTitle "CBM 211 Extra"]
[Source "ChessBase"]
[SourceDate "2023.01.31"]
[SourceVersion "1"]
[SourceVersionDate "2023.01.31"]
[SourceQuality "1"]

1. e4 e6 2. d3 d5 3. Nd2 c5 4. g3 Nc6 5. Bg2 Be7 6. f4 Nf6 7. e5 Nd7 8. Ne2 b5 9. a4 b4 10. c4 Ndb8 11. 0-0 Bb7 12. b3 0-0 13. Bb2 f6 14. exf6 Bxf6 15. Bxf6 gxf6 16. Nf3 Nd7 17. Bh3 Qe7 18. Re1 Rfe8 19. Kf2 d4 20. Neg1 e5 21. fxe5 fxe5 22. Nd2 Nf6 23. Ne4 Nxe4+ 24. Rxe4 Qf6+ 25. Qf3 Qxf3+ 26. Nxf3 Rf8 27. Be6+ Kg7 28. Bd5 Rae8 29. Rae1 Kf6 30. Kg2 Na5 31. Bxb7 Nxb7 32. Nxe5 Kg7 33. Rg4+ Kh8 34. Nf7+ 1-0

[Event "Titled Tuesday intern op 22nd Nov Early"]
[Site "Chess.com INT"]
[Date "2022.11.22"]
[Round "8"]
[White "Ravot, Sylvain"]
[Black "Roque Sola, Gisela"]
[Result "1-0"]
[WhiteElo "2223"]
[BlackElo "2061"]
[PlyCount "37"]
[EventDate "2022.11.22"]
[EventType "swiss (blitz)"]
[EventRounds "11"]
[EventCountry "USA"]
[SourceTitle "CBM 211 Extra"]
[Source "ChessBase"]
[SourceDate "2023.01.31"]
[SourceVersion "1"]
[SourceVersionDate "2023.01.31"]
[SourceQuality "1"]

1. e4 e6 2. d4 d5 3. Nd2 c5 4. exd5 Qxd5 5. dxc5 Bxc5 6. Ngf3 Nf6 7. Bc4 Qd8 8. 0-0 0-0 9. Qe2 Nc6 10. Nb3 Bb6 11. Bg5 Qe7 12. Rfe1 a5 13. a4 Bd7 14. c3 Rad8 15. Nbd2 h6 16. Bh4 g5 17. Nxg5 hxg5 18. Bxg5 e5 19. Ne4 1-0

[Event "Titled Tuesday intern op 22nd Nov Late"]
[Site "Chess.com INT"]
[Date "2022.11.22"]
[Round "6"]
[White "Roque Sola, Gisela"]
[Black "Besedes, Danilo"]
[Result "0-1"]
[WhiteElo "2061"]
[BlackElo "2302"]
[PlyCount "120"]
[EventDate "2022.11.22"]
[EventType "swiss (blitz)"]
[EventRounds "11"]
[EventCountry "USA"]
[SourceTitle "CBM 211 Extra"]
[Source "ChessBase"]
[SourceDate "2023.01.31"]
[SourceVersion "1"]
[SourceVersionDate "2023.01.31"]
[SourceQuality "1"]

1. e4 d6 2. d4 e5 3. Be3 exd4 4. Bxd4 Nf6 5. Nd2 Nc6 6. Bc3 g6 7. Bc4 Bg7 8. Ngf3 0-0 9. 0-0 Re8 10. Re1 Bg4 11. h3 Bd7 12. Ng5 Re7 13. Qf3 h6 14. Bxf6 hxg5 15. Bxe7 Qxe7 16. Bd3 Bxb2 17. Rab1 Bc3 18. Red1 b6 19. e5 Bxe5 20. Bb5 Qe8 21. Nc4 a6 22. Bxc6 Bxc6 23. Qd3 Bg7 24. Ne3 Qe4 25. Qxe4 Bxe4 26. Rb4 Bb7 27. c4 Re8 28. Rb3 Re4 29. f3 Re8 30. Kf2 a5 31. Nd5 Bxd5 32. cxd5 Re7 33. Re3 Kf8 34. Rxe7 Kxe7 35. Ke3 Kd7 36. g4 Be5 37. Ke4 b5 38. Rb1 b4 39. Rc1 Bc3 40. Kd3 c6 41. Kc4 Kc7 42. a3 Kb6 43. dxc6 Kxc6 44. axb4 axb4 45. Re1 d5+ 46. Kb3 Kd6 47. Re8 d4 48. Kc4 Kd7 49. Ra8 Ke6 50. Ra6+ Ke5 51. Ra7 f6 52. Rf7 Ke6 53. Rg7 Ke5 54. Rxg6 Ke6 55. Rg8 Ke5 56. Rf8 Ke6 57. Kd3 b3 58. Rb8 b2 59. Ke4 Kd6 60. Kf5 d3 0-1

[Event "Titled Tuesday intern op 22nd Nov Early"]
[Site "Chess.com INT"]
[Date "2022.11.22"]
[Round "1"]
[White "Roque Sola, Gisela"]
[Black "Crevatin, Leo"]
[Result "0-1"]
[WhiteElo "2061"]
[BlackElo "2301"]
[PlyCount "68"]
[EventDate "2022.11.22"]
[EventType "swiss (blitz)"]
[EventRounds "11"]
[EventCountry "USA"]
[SourceTitle "CBM 211 Extra"]
[Source "ChessBase"]
[SourceDate "2023.01.31"]
[SourceVersion "1"]
[SourceVersionDate "2023.01.31"]
[SourceQuality "1"]

1. c4 Nf6 2. Nc3 c5 3. Nf3 Nc6 4. g3 d5 5. cxd5 Nxd5 6. Nxd5 Qxd5 7. Bg2 e5 8. d3 Be7 9. 0-0 Qd8 10. Be3 f6 11. Rc1 Nd4 12. Bxd4 cxd4 13. Nd2 0-0 14. Ne4 Qb6 15. Qb3+ Qxb3 16. axb3 Rb8 17. Nc5 Rd8 18. Ne4 Bb4 19. Rc2 Be6 20. Nc5 Bxc5 21. Rxc5 Rd7 22. b4 Kf7 23. Rfc1 Ke7 24. Rc7 Kd6 25. Rxd7+ Kxd7 26. b5 Kd6 27. Kf1 Bd7 28. Ra1 Bxb5 29. Rxa7 Ba6 30. Ke1 Kc7 31. Kf1 Kb6 32. Rxa6+ bxa6 33. Ke1 Kc5 34. Kd2 Rxb2+ 0-1

[Event "Titled Tuesday intern op 22nd Nov Late"]
[Site "Chess.com INT"]
[Date "2022.11.22"]
[Round "1"]
[White "Roque Sola, Gisela"]
[Black "Nemec, Vjekoslav"]
[Result "0-1"]
[WhiteElo "2061"]
[BlackElo "2227"]
[PlyCount "122"]
[EventDate "2022.11.22"]
[EventType "swiss (blitz)"]
[EventRounds "11"]
[EventCountry "USA"]
[SourceTitle "CBM 211 Extra"]
[Source "ChessBase"]
[SourceDate "2023.01.31"]
[SourceVersion "1"]
[SourceVersionDate "2023.01.31"]
[SourceQuality "1"]

1. e4 g6 2. d4 Bg7 3. Be3 d5 4. exd5 Qxd5 5. c4 Qd6 6. Nc3 c6 7. Nf3 Nf6 8. h3 0-0 9. Qb3 Nbd7 10. Rd1 Qc7 11. Be2 Nb6 12. 0-0 Bf5 13. a4 Ne4 14. Nh4 Nxc3 15. bxc3 Be6 16. a5 Nc8 17. d5 Bd7 18. Bd4 Qxa5 19. Bxg7 Kxg7 20. Ra1 Qb6 21. Qc2 cxd5 22. cxd5 Nd6 23. c4 Rfc8 24. Nf3 Qc7 25. Rfc1 Kg8 26. Nd4 Nf5 27. Nb3 a5 28. Qe4 a4 29. Nd2 b6 30. Bd3 Re8 31. g4 Nd6 32. Qd4 Nb7 33. Nf3 Nc5 34. Ne5 f6 35. Nf3 a3 36. Ra2 Ba4 37. Qe3 Bb3 38. Rca1 Bxa2 39. Rxa2 Qd6 40. Nd4 Ra5 41. Nb5 Rxb5 42. cxb5 Qxd5 43. Rxa3 Nxd3 44. Rxd3 Qxb5 45. Qe6+ Kf8 46. Rd7 Qb1+ 47. Kg2 Qb4 48. Rb7 b5 49. Qc6 Qf4 50. Rxb5 Rd8 51. Rb7 Qd6 52. Qxd6 Rxd6 53. f4 Rd3 54. Rc7 Kf7 55. Rb7 h5 56. Ra7 h4 57. Rb7 Rg3+ 58. Kh2 Rf3 59. Rb4 g5 60. Ra4 Rxf4 61. Kg2 Rxa4 0-1

[Event "Titled Tuesday intern op 22nd Nov Early"]
[Site "Chess.com INT"]
[Date "2022.11.22"]
[Round "5"]
[White "Roque Sola, Gisela"]
[Black "Vifleemskaia, Svetlana"]
[Result "1-0"]
[WhiteElo "2061"]
[BlackElo "1947"]
[PlyCount "69"]
[EventDate "2022.11.22"]
[EventType "swiss (blitz)"]
[EventRounds "11"]
[EventCountry "USA"]
[SourceTitle "CBM 211 Extra"]
[Source "ChessBase"]
[SourceDate "2023.01.31"]
[SourceVersion "1"]
[SourceVersionDate "2023.01.31"]
[SourceQuality "1"]

1. c4 c5 2. Nc3 Nf6 3. Nf3 d5 4. cxd5 Nxd5 5. Nxd5 Qxd5 6. g3 Nc6 7. Bg2 e5 8. d3 Be7 9. 0-0 0-0 10. Be3 Qd6 11. Rc1 b6 12. Nxe5 Qxe5 13. Bxc6 Bh3 14. Re1 Rac8 15. Bh1 Qxb2 16. Qa4 Rc7 17. Bf4 Rd7 18. Bc6 Rd4 19. Qxa7 Bd8 20. Be5 Qb4 21. Bxd4 Qxd4 22. Bh1 h5 23. Qb7 Qb2 24. Qd5 g6 25. Qb3 Qd4 26. e3 Qe5 27. Qc3 Qd6 28. d4 cxd4 29. Qxd4 Qa3 30. Qd2 Qe7 31. Rc2 Qg5 32. Rec1 Bf6 33. Qd5 Qg4 34. Qf3 Qe6 35. Rc6 1-0

[Event "Titled Tuesday intern op 22nd Nov Early"]
[Site "Chess.com INT"]
[Date "2022.11.22"]
[Round "7"]
[White "Roque Sola, Gisela"]
[Black "Zaichenko, Daria"]
[Result "0-1"]
[WhiteElo "2061"]
[BlackElo "2104"]
[PlyCount "82"]
[EventDate "2022.11.22"]
[EventType "swiss (blitz)"]
[EventRounds "11"]
[EventCountry "USA"]
[SourceTitle "CBM 211 Extra"]
[Source "ChessBase"]
[SourceDate "2023.01.31"]
[SourceVersion "1"]
[SourceVersionDate "2023.01.31"]
[SourceQuality "1"]

1. c4 e6 2. Nf3 d5 3. b3 Be7 4. Bb2 Nf6 5. g3 0-0 6. Bg2 c5 7. e3 Nc6 8. 0-0 d4 9. Na3 e5 10. d3 h6 11. Re1 Be6 12. Nc2 a6 13. a3 Rc8 14. exd4 exd4 15. Ne5 Nxe5 16. Rxe5 Bd6 17. Re2 Qd7 18. Qd2 Bg4 19. Ree1 Rfe8 20. Rxe8+ Rxe8 21. Re1 Rxe1+ 22. Nxe1 Bh3 23. Nf3 Bxg2 24. Kxg2 Qc6 25. Qe2 g5 26. Kg1 Kg7 27. Bc1 b5 28. h4 g4 29. Nh2 Qd7 30. h5 Qf5 31. cxb5 axb5 32. a4 bxa4 33. bxa4 Qxh5 34. a5 c4 35. dxc4 Qxa5 36. Nxg4 Qh5 37. f3 Nxg4 38. fxg4 Qc5 39. Kg2 Qc6+ 40. Kh3 Qh1+ 41. Qh2 Qxc1 0-1